• 首页
  • 本馆介绍
  • 公告通知
  • 最新文献
  • 馆藏检索
  • 电子资源
  • 读者导购
  • 参考咨询
  • 我的图书馆
  • 登录
  • 详细信息显示
  • 放入我的书架
  • 预约/预借图书
  • 作者相关作品
  • 分类相关作品
  • 丛书相关作品
  • 出版社相关作品

书目信息

  • 表格格式
  • 工作单格式
  • 卡片格式
题名:
中国和欧洲早期思想交流史
    
 
作者: 张西平 著
分册:  
出版信息: 北京   北京大学出版社  2021
页数: 18,531页
开本: 24cm
丛书名: 儒学与欧洲文明研究丛书
单 册:
中图分类: G129 , G150.9
科图分类:
主题词: 学术思想--文化交流--中国--欧洲--1500-1800
电子资源:
ISBN: 978-7-301-32228-4
000 01765oam2 2200277 450
001 2274086804
005 20220917203512.92
010    @a978-7-301-32228-4@dCNY138.00
100    @a20210826d2021 em y0chiy50 ea
101 0  @achi
102    @aCN@b110000
105    @ay z 000yy
200 1  @a中国和欧洲早期思想交流史@9zhong guo he ou zhou zao qi si xiang jiao liu shi@f张西平著
210    @a北京@c北京大学出版社@d2021
215    @a18,531页@d24cm
225 1  @a儒学与欧洲文明研究丛书@f张西平,罗莹主编
300    @a学术支持单位:国际儒学联合会 北京外国语大学中华文化国际传播研究院 北京外国语大学北京中外交流文化研究基地 本书为北京外国语大学中华文化国际传播研究院所主持的北京外国语大学“双一流”建设重大标志性项目“文明互鉴:中国文化与世界”的研究成果
314    @a张西平,男,北京外国语大学教授,中国文化走出去协同创新中心主任,国际儒学联合会副会长。研究领域:1500-1800年的中西文化交流史、西方汉学史和中国基督教史。承担国家社科基金重大项目《梵蒂冈图书馆藏明天天主教文献整理研究》,教育部重大攻关项目《20世纪中国古代文化在域外的传播与影响》,出版了11部专著并在学术核心期刊上发表了一百余篇论文。
330    @a本书全面梳理了1500-1800年间中国和欧洲早期相遇后在思想上交流与汇通,分别介绍欧洲文化、科技、宗教、哲学思想的在中国传播以及中国文化和哲学在欧洲主要国家的影响。全书以优选视野审视中国和欧洲早期的思想文化交流与融通,揭示了中国和欧洲近代思想文化的变迁是在相互影响下发生的,纠正了长期以来仅仅从西方文化影响中国的角度所得出的相关结论,在文明互鉴中说明了任何文化都无法独自成圣,从世界史的角度强调了中国文化的世界性当代意义。
461  0 @12001 @a儒学与欧洲文明研究丛书
606 0  @a学术思想@x文化交流@y中国@y欧洲@z1500-1800
690    @aG129@v5
690    @aG150.9@v5
701  0 @a张西平@9zhang xi ping@4著
801  0 @aCN@b91MARC@c20211015
905    @aZUCC@dG129@e3
    
    中国和欧洲早期思想交流史/张西平著.-北京:北京大学出版社,2021
    18,531页;24cm.-(儒学与欧洲文明研究丛书/张西平,罗莹主编)
    学术支持单位:国际儒学联合会 北京外国语大学中华文化国际传播研究院 北京外国语大学北京中外交流文化研究基地 本书为北京外国语大学中华文化国际传播研究院所主持的北京外国语大学“双一流”建设重大标志性项目“文明互鉴:中国文化与世界”的研究成果
    
    ISBN 978-7-301-32228-4:CNY138.00
    本书全面梳理了1500-1800年间中国和欧洲早期相遇后在思想上交流与汇通,分别介绍欧洲文化、科技、宗教、哲学思想的在中国传播以及中国文化和哲学在欧洲主要国家的影响。全书以优选视野审视中国和欧洲早期的思想文化交流与融通,揭示了中国和欧洲近代思想文化的变迁是在相互影响下发生的,纠正了长期以来仅仅从西方文化影响中国的角度所得出的相关结论,在文明互鉴中说明了任何文化都无法独自成圣,从世界史的角度强调了中国文化的世界性当代意义。
●
相关链接 在五车中查询图书 在当当中查询图书 在豆瓣中查询图书


正题名:中国和欧洲早期思想交流史     索取号:G129/3         预约/预借

序号 登录号 条形码 馆藏地/架位号 状态 备注
1 2000897104   2000897104   第三书库/ [索取号:G129/3] 在馆    
2 2000897105   2000897105   第三书库/ [索取号:G129/3] 在馆    
3 2000897106   2000897106   第三书库/ [索取号:G129/3] 在馆    
山东省滨州职业学院图书馆 欢迎您!
大连网信软件有限公司© 版权所有